Normal view
MARC view
- الاردن - الجامعة الاردنية - الانتاج العلمي للعاملين 1988 -2011م
Entry Topical Term
001 - CONTROL NUMBER
- control field: 46133
003 - CONTROL NUMBER IDENTIFIER
- control field: JO-AjAnu
005 - DATE AND TIME OF LATEST TRANSACTION
- control field: 20230606081627.0
008 - FIXED-LENGTH DATA ELEMENTS
- fixed length control field: 230606|| aca||aabn | a|a d
040 ## - CATALOGING SOURCE
- Original cataloging agency: JO-AjAnu
- Transcribing agency: JO-AjAnu
150 ## - HEADING--TOPICAL TERM
- Topical term or geographic name entry element: الاردن - الجامعة الاردنية - الانتاج العلمي للعاملين 1988 -2011م
670 ## - SOURCE DATA FOUND
- Source citation: Work cat.: (JO-AjAnu)23615: الجامعة الاردنية؛ تقديم محمد عدنان البخيت؛ إعداد ابراهيم علي العبادي... وآخرون, author 46132, دليل الإنتاج العلمي للعاملين في الجامعة الأردنية 1988-2011 م، الجزء الثالث